Alec Baldwin Movies Quiz Stats

 Plays Quiz Updated Jan 1, 2021

Support Sporcle.
Go Orange.
Score 0/78 Timer 12:00
0 Plays Today
Year Movie % Correct
1990The Hunt for Red October
69.7%
1988Beetlejuice
67.5%
1992Glengarry Glen Ross
51.2%
2006The Departed
48.9%
2017The Boss Baby
43.3%
2009It's Complicated
42.7%
2001Pearl Harbor
37.3%
2015Mission: Impossible - Rogue Nation
29.9%
2018Mission: Impossible - Fallout
29.4%
1988Working Girl
28.2%
1993Malice
27.6%
2003The Cooler
27.5%
1995The Shadow
27.2%
2003The Cat in the Hat
26.8%
2004The Aviator
26.3%
1994The Getaway
25.7%
2004Along Came Polly
23.4%
2001The Royal Tenenbaums
23.3%
1988Married to the Mob
23.2%
2019Drunk Parents
21.5%
2008Madagascar 2: Escape to Africa
21.2%
1997The Edge
20.6%
2013Blue Jasmine
19.6%
1990Miami Blues
19.6%
2012Rise of the Guardians
19.1%
1996Ghosts of Mississippi
18.8%
2012Rock of Ages
18.3%
1991The Marrying Man
17.9%
1988She's Having a Baby
17.9%
2014Still Alice
17.7%
2018 BlacKkKlansman
17.6%
1996The Juror
17.5%
1992Prelude to a Kiss
17.1%
1989Great Balls of Fire!
17%
1998Mercury Rising
17%
2001Cats and Dogs
16.7%
2019Arctic Dogs
16.7%
2000Thomas and the Magic Railroad
16.6%
1999Outside Providence
16.4%
Year Movie % Correct
2005Fun with Dick and Jane
16.2%
2015Concussion
15.3%
2000State and Main
15%
2004The Spongebob Squarepants Movie
14.7%
2015Aloha
14.5%
2018Drunk Parents
14.5%
2012To Rome with Love
14.3%
2009My Sister's Keeper
14.2%
2006The Good Shepherd
14.1%
1996Heaven's Prisoners
13.3%
2001Final Fantasy: The Spirits Within
13.2%
2005Elizabethtown
13%
1990Alice
12.9%
2006Running with Scissors
11.9%
2008My Best Friend's Girl
11.7%
1988Talk Radio
11.5%
2017Blind
11.2%
2011Hick
10.7%
2007Brooklyn Rules
10.4%
2018A Star is Born
10.3%
2015Andron
10.3%
2008Lymelife
10%
1999Thick as Thieves
9.9%
2006Mini's First Time
9.8%
2016Paris Can Wait
9.7%
1987Forever Lulu
9.6%
2020Pixie
9.6%
2018The Public
9.5%
2004The Last Shot
9.4%
2014Torrente 5
9.4%
2007Suburban Girl
9.2%
1999The Confession
9.2%
2019Before You Know It
9.1%
2020Chick Fight
9.1%
2019Motherless Brooklyn
9%
2016Back in the Day
9%
2003Shortcut to Happiness
8.9%
2013AmeriQua
8.2%
2017The Private Life of a Modern Woman
8.1%

From the Vault

Comedy Movies Venn Diagram

by chaosBEE

Movies 3m
Are you the sort of person who finds diagrams to be hilarious?
Remove Ads.
Support Sporcle.
Get the best of Sporcle when you Go Orange. This ad-free experience offers more features, more stats, and more fun while also helping to support Sporcle. Thank you for becoming a member.

Show Comments

Extras

Top Quizzes Today


Score Distribution

Your Account Isn't Verified!

In order to create a playlist on Sporcle, you need to verify the email address you used during registration. Go to your Sporcle Settings to finish the process.

Report this User

Report this user for behavior that violates our Community Guidelines.

Details: